<?xml version="1.0" encoding="UTF-8"?>
<record
    xmlns:xsi="http://www.w3.org/2001/XMLSchema-instance"
    xsi:schemaLocation="http://www.loc.gov/MARC21/slim http://www.loc.gov/standards/marcxml/schema/MARC21slim.xsd"
    xmlns="http://www.loc.gov/MARC21/slim">

  <leader>00553nam a22001577a 4500</leader>
  <controlfield tag="003">OSt</controlfield>
  <controlfield tag="005">20150913095916.0</controlfield>
  <controlfield tag="008">150913b        xxu||||| |||| 00| 0 eng d</controlfield>
  <datafield tag="040" ind1=" " ind2=" ">
    <subfield code="c">RUA</subfield>
  </datafield>
  <datafield tag="082" ind1=" " ind2=" ">
    <subfield code="a">AGR SOM 1997 B019 Or.1</subfield>
  </datafield>
  <datafield tag="100" ind1=" " ind2=" ">
    <subfield code="9">367</subfield>
    <subfield code="a">SOM, CHETT.</subfield>
  </datafield>
  <datafield tag="245" ind1=" " ind2=" ">
    <subfield code="a">Phitosanitary inspection in kingdom of cambodia &#x1780;&#x17B6;&#x179A;&#x178F;&#x17D2;&#x179A;&#x17BD;&#x178F;&#x1796;&#x17B7;&#x1793;&#x17B7;&#x178F;&#x17D2;&#x1799;&#x1797;&#x17BC;&#x178F;&#x1782;&#x17B6;&#x1798;&#x17A2;&#x1793;&#x17B6;&#x1798;&#x17D0;&#x1799;&#x1793;&#x17C5;&#x1796;&#x17D2;&#x179A;&#x17C7;&#x179A;&#x17B6;&#x1787;&#x17B6;&#x178E;&#x17B6;&#x1785;&#x1780;&#x17D2;&#x179A;&#x1780;&#x1798;&#x17D2;&#x1796;&#x17BB;&#x1787;&#x17B6;</subfield>
  </datafield>
  <datafield tag="260" ind1=" " ind2=" ">
    <subfield code="a">Phnom Penh</subfield>
    <subfield code="b">RUA</subfield>
    <subfield code="c">1997</subfield>
  </datafield>
  <datafield tag="300" ind1=" " ind2=" ">
    <subfield code="a">63p.</subfield>
    <subfield code="b">ill.</subfield>
    <subfield code="c">29cm.</subfield>
  </datafield>
  <datafield tag="942" ind1=" " ind2=" ">
    <subfield code="2">ddc</subfield>
    <subfield code="c">AGR</subfield>
  </datafield>
  <datafield tag="999" ind1=" " ind2=" ">
    <subfield code="c">347</subfield>
    <subfield code="d">347</subfield>
  </datafield>
  <datafield tag="952" ind1=" " ind2=" ">
    <subfield code="0">0</subfield>
    <subfield code="1">0</subfield>
    <subfield code="2">ddc</subfield>
    <subfield code="4">0</subfield>
    <subfield code="6">AGR_SOM_1997_000000000000000_B019_OR_1</subfield>
    <subfield code="7">0</subfield>
    <subfield code="9">1615</subfield>
    <subfield code="a">LBB</subfield>
    <subfield code="b">LBB</subfield>
    <subfield code="c">B019</subfield>
    <subfield code="d">2015-09-13</subfield>
    <subfield code="o">AGR SOM 1997 B019 Or.1</subfield>
    <subfield code="p">RUA003547</subfield>
    <subfield code="r">2015-09-13</subfield>
    <subfield code="w">2015-09-13</subfield>
    <subfield code="y">AGR</subfield>
  </datafield>
  <datafield tag="952" ind1=" " ind2=" ">
    <subfield code="0">0</subfield>
    <subfield code="1">0</subfield>
    <subfield code="2">ddc</subfield>
    <subfield code="4">0</subfield>
    <subfield code="6">AGR_SOM_1997_000000000000000_B019_OR_2</subfield>
    <subfield code="7">0</subfield>
    <subfield code="9">1616</subfield>
    <subfield code="a">LBB</subfield>
    <subfield code="b">LBB</subfield>
    <subfield code="c">B019</subfield>
    <subfield code="d">2015-09-13</subfield>
    <subfield code="l">1</subfield>
    <subfield code="o">AGR SOM 1997 B019 Or.2</subfield>
    <subfield code="p">RUA003049</subfield>
    <subfield code="r">2022-07-29</subfield>
    <subfield code="s">2022-07-15</subfield>
    <subfield code="w">2015-09-13</subfield>
    <subfield code="y">AGR</subfield>
  </datafield>
  <datafield tag="952" ind1=" " ind2=" ">
    <subfield code="0">0</subfield>
    <subfield code="1">0</subfield>
    <subfield code="2">ddc</subfield>
    <subfield code="4">0</subfield>
    <subfield code="6">AGR_SOM_1997_000000000000000_B019_OR_3</subfield>
    <subfield code="7">0</subfield>
    <subfield code="9">1617</subfield>
    <subfield code="a">LBB</subfield>
    <subfield code="b">LBB</subfield>
    <subfield code="c">B019</subfield>
    <subfield code="d">2015-09-13</subfield>
    <subfield code="o">AGR SOM 1997 B019 Or.3</subfield>
    <subfield code="p">RUA003484</subfield>
    <subfield code="r">2015-09-13</subfield>
    <subfield code="w">2015-09-13</subfield>
    <subfield code="y">AGR</subfield>
  </datafield>
  <datafield tag="952" ind1=" " ind2=" ">
    <subfield code="0">0</subfield>
    <subfield code="1">0</subfield>
    <subfield code="2">ddc</subfield>
    <subfield code="4">0</subfield>
    <subfield code="6">AGR_SOM_1997_000000000000000_B019_OR_4</subfield>
    <subfield code="7">0</subfield>
    <subfield code="9">1618</subfield>
    <subfield code="a">LBB</subfield>
    <subfield code="b">LBB</subfield>
    <subfield code="c">B019</subfield>
    <subfield code="d">2015-09-13</subfield>
    <subfield code="o">AGR SOM 1997 B019 Or.4</subfield>
    <subfield code="p">RUA003556</subfield>
    <subfield code="r">2015-09-13</subfield>
    <subfield code="w">2015-09-13</subfield>
    <subfield code="y">AGR</subfield>
  </datafield>
  <datafield tag="952" ind1=" " ind2=" ">
    <subfield code="0">0</subfield>
    <subfield code="1">0</subfield>
    <subfield code="2">ddc</subfield>
    <subfield code="4">0</subfield>
    <subfield code="6">AGR_SOM_1997_000000000000000_B019_OR_5</subfield>
    <subfield code="7">0</subfield>
    <subfield code="9">1619</subfield>
    <subfield code="a">LBB</subfield>
    <subfield code="b">LBB</subfield>
    <subfield code="c">B019</subfield>
    <subfield code="d">2015-09-13</subfield>
    <subfield code="o">AGR SOM 1997 B019 Or.5</subfield>
    <subfield code="p">RUA003346</subfield>
    <subfield code="r">2015-09-13</subfield>
    <subfield code="w">2015-09-13</subfield>
    <subfield code="y">AGR</subfield>
  </datafield>
  <datafield tag="952" ind1=" " ind2=" ">
    <subfield code="0">0</subfield>
    <subfield code="1">0</subfield>
    <subfield code="2">ddc</subfield>
    <subfield code="4">0</subfield>
    <subfield code="6">AGR_SOM_1997_000000000000000_B019_OR_6</subfield>
    <subfield code="7">0</subfield>
    <subfield code="9">1620</subfield>
    <subfield code="a">LBB</subfield>
    <subfield code="b">LBB</subfield>
    <subfield code="c">B019</subfield>
    <subfield code="d">2015-09-13</subfield>
    <subfield code="o">AGR SOM 1997 B019 Or.6</subfield>
    <subfield code="p">RUA003097</subfield>
    <subfield code="r">2015-09-13</subfield>
    <subfield code="w">2015-09-13</subfield>
    <subfield code="y">AGR</subfield>
  </datafield>
  <datafield tag="952" ind1=" " ind2=" ">
    <subfield code="0">0</subfield>
    <subfield code="1">0</subfield>
    <subfield code="2">ddc</subfield>
    <subfield code="4">0</subfield>
    <subfield code="6">AGR_SOM_1997_000000000000000_B019_OR_7</subfield>
    <subfield code="7">0</subfield>
    <subfield code="9">1621</subfield>
    <subfield code="a">LBB</subfield>
    <subfield code="b">LBB</subfield>
    <subfield code="c">B019</subfield>
    <subfield code="d">2015-09-13</subfield>
    <subfield code="o">AGR SOM 1997 B019 Or.7</subfield>
    <subfield code="p">RUA003340</subfield>
    <subfield code="r">2015-09-13</subfield>
    <subfield code="w">2015-09-13</subfield>
    <subfield code="y">AGR</subfield>
  </datafield>
  <datafield tag="952" ind1=" " ind2=" ">
    <subfield code="0">0</subfield>
    <subfield code="1">0</subfield>
    <subfield code="2">ddc</subfield>
    <subfield code="4">0</subfield>
    <subfield code="6">AGR_SOM_1997_000000000000000_B019_OR_8</subfield>
    <subfield code="7">0</subfield>
    <subfield code="9">1622</subfield>
    <subfield code="a">LBB</subfield>
    <subfield code="b">LBB</subfield>
    <subfield code="c">B019</subfield>
    <subfield code="d">2015-09-13</subfield>
    <subfield code="o">AGR SOM 1997 B019 Or.8</subfield>
    <subfield code="p">RUA003242</subfield>
    <subfield code="r">2015-09-13</subfield>
    <subfield code="w">2015-09-13</subfield>
    <subfield code="y">AGR</subfield>
  </datafield>
  <datafield tag="952" ind1=" " ind2=" ">
    <subfield code="0">0</subfield>
    <subfield code="1">0</subfield>
    <subfield code="2">ddc</subfield>
    <subfield code="4">0</subfield>
    <subfield code="6">AGR_SOM_1997_000000000000000_B019_OR_9</subfield>
    <subfield code="7">0</subfield>
    <subfield code="9">1623</subfield>
    <subfield code="a">LBB</subfield>
    <subfield code="b">LBB</subfield>
    <subfield code="c">B019</subfield>
    <subfield code="d">2015-09-13</subfield>
    <subfield code="o">AGR SOM 1997 B019 Or.9</subfield>
    <subfield code="p">RUA003193</subfield>
    <subfield code="r">2015-09-13</subfield>
    <subfield code="w">2015-09-13</subfield>
    <subfield code="y">AGR</subfield>
  </datafield>
  <datafield tag="952" ind1=" " ind2=" ">
    <subfield code="0">0</subfield>
    <subfield code="1">0</subfield>
    <subfield code="2">ddc</subfield>
    <subfield code="4">0</subfield>
    <subfield code="6">AGR_SOM_1997_000000000000000_B019_OR_10</subfield>
    <subfield code="7">0</subfield>
    <subfield code="9">1624</subfield>
    <subfield code="a">LBB</subfield>
    <subfield code="b">LBB</subfield>
    <subfield code="c">B019</subfield>
    <subfield code="d">2015-09-13</subfield>
    <subfield code="o">AGR SOM 1997 B019 Or.10</subfield>
    <subfield code="p">RUA003314</subfield>
    <subfield code="r">2015-09-13</subfield>
    <subfield code="w">2015-09-13</subfield>
    <subfield code="y">AGR</subfield>
  </datafield>
</record>
